00608nab a2200181 uc450000100070000000500170000700800410002403500110006503500210007604000130009704100080011010000480011824500520016665000370021870000320025570000360028777301030032314470320240201125756.0971111e19960901 spa  a144703 a(OCoLC)819757115 ccomduadb aspa10aQuiles la Torre, Francisco Javier4auteaut10aSistemas de almacenamiento masivo. Bus SCSI (I) aSistema de almacenamiento masivo10aRequena Perez, A.4auteaut10aRoldan Sanchez, M. I.4auteaut0 tMundo Electrónico (Barcelona)gNúmero 269, Septiembre 1996, p. 55-61w107541x0300-3787089805